| 000 | 00672cam a22002293a 4500 | ||
|---|---|---|---|
| 001 | 17243 | ||
| 003 | PGUSA | ||
| 005 | 20140828083352.0 | ||
| 008 | 051206s2005||||xxu|||||s|||||000 | eng d | ||
| 040 |
_aPGUSA _beng |
||
| 042 | _adc | ||
| 050 | 4 | _aSB | |
| 100 | 1 |
_aMatthews, Ike, _d1857-1913 |
|
| 245 | 1 | 0 |
_aFull Revelations of a Professional Rat-catcher After 25 Years' Experience _h[electronic resource] / _cIke Matthews |
| 260 |
_bProject Gutenberg, _c2005 |
||
| 506 | _aPublic domain in the USA. | ||
| 516 | _aElectronic text | ||
| 653 | _aRats -- Control | ||
| 830 | 0 |
_aProject Gutenberg _v17243 |
|
| 856 | 4 | 0 | _uhttp://www.gutenberg.org/ebooks/17243 |
| 942 | _cEB | ||
| 999 |
_c246498 _d246498 |
||